[Event "Deutsche Ländermeisterschaft 2022"]
[Site "Wiesbaden GER"]
[Date "2022.10.01"]
[Round "1"]
[White "Koll, Linus"]
[Black "Nied, Pascal"]
[Result "1/2-1/2"]
[Termination "normal"]
[Board "7.2"]
[WhiteElo "2060"]
[BlackElo "2131"]
[WhiteClock "00:21:59"]
[BlackClock "00:08:29"]
[WhiteTeam "Baden 2"]
[BlackTeam "Baden 1"]
[PlyCount "107"]
[WhiteFideId "12990299"]
[BlackFideId "16260597"]
[EventCountry "GER"]
[EventRounds "7"]
[EventType "team-swiss"]
[EventDate "2022.09.30"]

1. e4 {[%clk 01:30:59]} e5 {[%clk 01:30:33]} {[%emt 00:00:27]} 2. Nf3 {[%clk
01:31:23]} {[%emt 00:00:06]} Nc6 {[%clk 01:30:59]} {[%emt 00:00:04]} 3. Bc4
{[%clk 01:31:40]} {[%emt 00:00:14]} Nf6 {[%clk 01:31:15]} {[%emt 00:00:13]} 4.
d3 {[%clk 01:31:56]} {[%emt 00:00:14]} Bc5 {[%clk 01:31:37]} {[%emt 00:00:08]}
5. O-O {[%clk 01:32:17]} {[%emt 00:00:09]} h6 {[%clk 01:31:56]} {[%emt
00:00:11]} 6. Be3 {[%clk 01:30:14]} {[%emt 00:02:34]} Bb6 {[%clk 01:30:26]}
{[%emt 00:01:59]} 7. Nc3 {[%clk 01:30:07]} {[%emt 00:00:38]} d6 {[%clk
01:25:49]} {[%emt 00:05:06]} 8. Qd2 {[%clk 01:24:16]} {[%emt 00:06:21]} Na5
{[%clk 01:09:10]} {[%emt 00:17:09]} 9. Bb5+ {[%clk 01:20:14]} {[%emt 00:04:32]}
c6 {[%clk 01:08:19]} {[%emt 00:01:20]} 10. Bxb6 {[%clk 01:05:26]} {[%emt
00:15:19]} axb6 {[%clk 00:59:07]} {[%emt 00:09:41]} 11. b4 {[%clk 01:03:53]}
{[%emt 00:02:03]} cxb5 {[%clk 00:58:00]} {[%emt 00:01:36]} 12. bxa5 {[%clk
01:04:16]} {[%emt 00:00:08]} b4 {[%clk 00:57:15]} {[%emt 00:01:15]} 13. Ne2
{[%clk 00:43:05]} {[%emt 00:21:41]} bxa5 {[%clk 00:57:01]} {[%emt 00:00:44]}
14. a3 {[%clk 00:41:56]} {[%emt 00:01:39]} bxa3 {[%clk 00:55:45]} {[%emt
00:01:44]} 15. c4 {[%clk 00:42:01]} {[%emt 00:00:26]} O-O {[%clk 00:33:19]}
{[%emt 00:22:55]} 16. Rfb1 {[%clk 00:40:45]} {[%emt 00:01:48]} Qc7 {[%clk
00:32:18]} {[%emt 00:01:30]} 17. Qe3 {[%clk 00:34:14]} {[%emt 00:07:01]} Bd7
{[%clk 00:19:39]} {[%emt 00:13:09]} 18. Nc3 {[%clk 00:28:47]} {[%emt 00:05:58]}
Bc6 {[%clk 00:16:01]} {[%emt 00:04:08]} 19. Rxa3 {[%clk 00:24:40]} {[%emt
00:04:37]} Ra6 {[%clk 00:13:45]} {[%emt 00:02:45]} 20. Nb5 {[%clk 00:18:24]}
{[%emt 00:06:46]} Qd7 {[%clk 00:13:11]} {[%emt 00:01:04]} 21. Nd2 {[%clk
00:15:17]} {[%emt 00:03:38]} a4 {[%clk 00:11:01]} {[%emt 00:02:40]} 22. Rb4
{[%clk 00:14:28]} {[%emt 00:01:19]} d5 {[%clk 00:10:05]} {[%emt 00:01:25]} 23.
exd5 {[%clk 00:13:28]} {[%emt 00:01:31]} Nxd5 {[%clk 00:10:10]} {[%emt
00:00:25]} 24. cxd5 {[%clk 00:12:45]} {[%emt 00:01:14]} Bxb5 {[%clk 00:10:32]}
{[%emt 00:00:07]} 25. Qc5 {[%clk 00:08:07]} {[%emt 00:05:08]} Ra5 {[%clk
00:08:30]} {[%emt 00:02:32]} 26. Nc4 {[%clk 00:07:17]} {[%emt 00:01:20]} Rc8
{[%clk 00:08:21]} {[%emt 00:00:39]} 27. Qb6 {[%clk 00:07:07]} {[%emt 00:00:41]}
Bxc4 {[%clk 00:07:01]} {[%emt 00:01:50]} 28. Qxa5 {[%clk 00:06:53]} {[%emt
00:00:43]} Qxd5 {[%clk 00:05:16]} {[%emt 00:02:15]} 29. Qxd5 {[%clk 00:04:40]}
{[%emt 00:02:44]} Bxd5 {[%clk 00:05:41]} {[%emt 00:00:04]} 30. f3 {[%clk
00:04:40]} {[%emt 00:00:29]} Rc1+ {[%clk 00:05:01]} {[%emt 00:01:10]} 31. Kf2
{[%clk 00:05:04]} {[%emt 00:00:07]} Rc2+ {[%clk 00:04:59]} {[%emt 00:00:32]}
32. Kg3 {[%clk 00:04:55]} {[%emt 00:00:39]} Bc6 {[%clk 00:04:45]} {[%emt
00:00:43]} 33. Rc4 {[%clk 00:03:00]} {[%emt 00:02:26]} Rd2 {[%clk 00:03:24]}
{[%emt 00:01:51]} 34. h4 {[%clk 00:02:23]} {[%emt 00:01:07]} f5 {[%clk
00:02:10]} {[%emt 00:01:44]} 35. Rc5 {[%clk 00:01:55]} {[%emt 00:00:58]} Re2
{[%clk 00:01:38]} {[%emt 00:01:01]} 36. Rac3 {[%clk 00:01:19]} {[%emt
00:01:07]} Kf7 {[%clk 00:00:58]} {[%emt 00:01:10]} 37. R5c4 {[%clk 00:00:36]}
{[%emt 00:01:13]} Kf6 {[%clk 00:00:39]} {[%emt 00:00:49]} 38. d4 {[%clk
00:00:38]} {[%emt 00:00:28]} f4+ {[%clk 00:00:47]} {[%emt 00:00:22]} 39. Kh3
{[%clk 00:00:47]} {[%emt 00:00:21]} e4 {[%clk 00:00:34]} {[%emt 00:00:43]} 40.
Rxc6+ {[%clk 00:00:38]} {[%emt 00:00:38]} bxc6 {[%clk 00:00:57]} {[%emt
00:00:07]} 41. Rxc6+ {[%clk 00:00:58]} {[%emt 00:00:11]} Kf5 {[%clk 00:13:22]}
{[%emt 00:18:04]} 42. Rc5+ {[%clk 00:26:39]} {[%emt 00:04:49]} Ke6 {[%clk
00:13:32]} {[%emt 00:00:20]} 43. Re5+ {[%clk 00:26:04]} {[%emt 00:01:05]} Kd6
{[%clk 00:13:33]} {[%emt 00:00:28]} 44. fxe4 {[%clk 00:25:17]} {[%emt
00:01:18]} a3 {[%clk 00:13:29]} {[%emt 00:00:34]} 45. Ra5 {[%clk 00:25:06]}
{[%emt 00:00:41]} Rxe4 {[%clk 00:13:41]} {[%emt 00:00:17]} 46. Kg4 {[%clk
00:24:26]} {[%emt 00:01:10]} Rxd4 {[%clk 00:11:46]} {[%emt 00:02:26]} 47. Rxa3
{[%clk 00:24:43]} {[%emt 00:00:14]} Rd2 {[%clk 00:09:42]} {[%emt 00:02:33]} 48.
Kf3 {[%clk 00:23:58]} {[%emt 00:01:15]} Ke5 {[%clk 00:09:39]} {[%emt 00:00:33]}
49. Ra5+ {[%clk 00:23:37]} {[%emt 00:00:52]} Kf6 {[%clk 00:09:49]} {[%emt
00:00:18]} 50. Ra6+ {[%clk 00:23:53]} {[%emt 00:00:15]} Kf5 {[%clk 00:09:43]}
{[%emt 00:00:35]} 51. Ra5+ {[%clk 00:24:16]} {[%emt 00:00:08]} Kg6 {[%clk
00:09:30]} {[%emt 00:00:42]} 52. h5+ {[%clk 00:21:59]} {[%emt 00:02:47]} Kf6
{[%clk 00:08:29]} {[%emt 00:01:31]} 53. Ke4 {[%emt 00:00:14]} Ke5+ 54. Ra1+
{[%emt 00:00:21]} 1/2-1/2

[Event "Deutsche Ländermeisterschaft 2022"]
[Site "Wiesbaden GER"]
[Date "2022.10.01"]
[Round "1"]
[White "Basovskiy, Jana"]
[Black "Henninger, Claire"]
[Result "1-0"]
[Termination "normal"]
[Board "7.5"]
[WhiteElo "1858"]
[BlackElo "1526"]
[WhiteClock "00:25:50"]
[BlackClock "00:19:18"]
[WhiteTeam "Baden 1"]
[BlackTeam "Baden 2"]
[PlyCount "97"]
[WhiteFideId "16208617"]
[BlackFideId "16200659"]
[EventCountry "GER"]
[EventRounds "7"]
[EventType "team-swiss"]
[EventDate "2022.09.30"]

1. e4 {[%clk 01:30:59]} c6 {[%clk 01:30:57]} {[%emt 00:00:03]} 2. d4 {[%clk
01:31:16]} {[%emt 00:00:13]} d5 {[%clk 01:31:22]} {[%emt 00:00:05]} 3. e5
{[%clk 01:31:43]} {[%emt 00:00:03]} Bf5 {[%clk 01:31:37]} {[%emt 00:00:15]} 4.
h4 {[%clk 01:32:06]} {[%emt 00:00:08]} h5 {[%clk 01:31:26]} {[%emt 00:00:41]}
5. Bg5 {[%clk 01:25:27]} {[%emt 00:07:08]} Qb6 {[%clk 01:25:08]} {[%emt
00:06:46]} 6. Bd3 {[%clk 01:25:33]} {[%emt 00:00:26]} Qxb2 {[%clk 01:03:23]}
{[%emt 00:22:15]} 7. Bxf5 {[%clk 01:14:07]} {[%emt 00:11:56]} Qxa1 {[%clk
01:01:05]} {[%emt 00:02:48]} 8. e6 {[%clk 01:14:18]} {[%emt 00:00:19]} Nh6
{[%clk 00:55:20]} {[%emt 00:06:15]} 9. exf7+ {[%clk 00:55:47]} {[%emt
00:19:01]} Nxf7 {[%clk 00:52:52]} {[%emt 00:02:58]} 10. Nf3 {[%clk 00:47:32]}
{[%emt 00:08:46]} Nd7 {[%clk 00:47:42]} {[%emt 00:05:40]} 11. Bg6 {[%clk
00:46:25]} {[%emt 00:01:37]} e6 {[%clk 00:42:13]} {[%emt 00:05:58]} 12. O-O
{[%clk 00:45:23]} {[%emt 00:01:32]} Be7 {[%clk 00:39:16]} {[%emt 00:03:27]} 13.
Qe2 {[%clk 00:44:58]} {[%emt 00:00:53]} Nf8 {[%clk 00:22:35]} {[%emt 00:17:12]}
14. Ne5 {[%clk 00:35:23]} {[%emt 00:10:06]} Nxg6 {[%clk 00:18:40]} {[%emt
00:04:25]} 15. Nxg6 {[%clk 00:35:32]} {[%emt 00:00:20]} Nxg5 {[%clk 00:13:44]}
{[%emt 00:05:26]} 16. hxg5 {[%clk 00:33:19]} {[%emt 00:02:44]} Kd7 {[%clk
00:09:10]} {[%emt 00:05:04]} 17. Nxh8 {[%clk 00:26:08]} {[%emt 00:07:41]} Rxh8
{[%clk 00:08:41]} {[%emt 00:00:59]} 18. Re1 {[%clk 00:26:35]} {[%emt 00:00:03]}
Bb4 {[%clk 00:05:22]} {[%emt 00:03:49]} 19. Qxe6+ {[%clk 00:26:26]} {[%emt
00:00:39]} Kc7 {[%clk 00:05:41]} {[%emt 00:00:03]} 20. Qe5+ {[%clk 00:25:58]}
{[%emt 00:01:05]} Kb6 {[%clk 00:05:45]} {[%emt 00:00:25]} 21. c3 {[%clk
00:20:27]} {[%emt 00:06:02]} Bxc3 {[%clk 00:05:17]} {[%emt 00:00:58]} 22. Nxc3
{[%clk 00:19:23]} {[%emt 00:01:34]} Qxc3 {[%clk 00:05:32]} {[%emt 00:00:15]}
23. Rb1+ {[%clk 00:19:20]} {[%emt 00:00:32]} Ka5 {[%clk 00:02:56]} {[%emt
00:03:07]} 24. Qc7+ {[%clk 00:17:39]} {[%emt 00:02:10]} Ka4 {[%clk 00:02:46]}
{[%emt 00:00:40]} 25. Qxb7 {[%clk 00:18:03]} {[%emt 00:00:08]} a5 {[%clk
00:01:45]} {[%emt 00:01:30]} 26. Qxg7 {[%clk 00:14:16]} {[%emt 00:04:16]} Re8
{[%clk 00:01:33]} {[%emt 00:00:40]} 27. Qf6 {[%clk 00:14:08]} {[%emt 00:00:39]}
Qc2 {[%clk 00:00:50]} {[%emt 00:01:13]} 28. Rf1 {[%clk 00:14:02]} {[%emt
00:00:36]} Rg8 {[%clk 00:00:48]} {[%emt 00:00:30]} 29. Re1 {[%clk 00:13:51]}
{[%emt 00:00:42]} h4 {[%clk 00:01:02]} {[%emt 00:00:17]} 30. Re3 {[%clk
00:11:59]} {[%emt 00:02:22]} Rg6 {[%clk 00:01:14]} {[%emt 00:00:16]} 31. Qe7
{[%clk 00:12:01]} {[%emt 00:00:28]} Qc1+ {[%clk 00:01:21]} {[%emt 00:00:24]}
32. Kh2 {[%clk 00:12:12]} {[%emt 00:00:19]} Qd2 {[%clk 00:01:09]} {[%emt
00:00:42]} 33. Ra3+ {[%clk 00:06:13]} {[%emt 00:06:29]} Kb5 {[%clk 00:01:11]}
{[%emt 00:00:28]} 34. Qb7+ {[%clk 00:05:57]} {[%emt 00:00:45]} Kc4 {[%clk
00:01:07]} {[%emt 00:00:36]} 35. Ra4+ {[%clk 00:05:14]} {[%emt 00:01:12]} Kd3
{[%clk 00:01:08]} {[%emt 00:00:30]} 36. Qb1+ {[%clk 00:04:19]} {[%emt
00:01:25]} Qc2 {[%clk 00:00:48]} {[%emt 00:00:51]} 37. Ra3+ {[%clk 00:04:03]}
{[%emt 00:00:45]} Kd2 {[%clk 00:01:08]} {[%emt 00:00:09]} 38. Qf1 {[%clk
00:03:07]} {[%emt 00:01:24]} Re6 {[%clk 00:00:41]} {[%emt 00:01:00]} 39. Qa6
{[%clk 00:02:49]} {[%emt 00:00:47]} Re1 {[%clk 00:00:34]} {[%emt 00:00:38]} 40.
Qxa5+ {[%clk 00:02:58]} {[%emt 00:00:22]} Kd1 {[%clk 00:00:41]} {[%emt
00:00:22]} 41. Qa4 {[%clk 00:27:41]} {[%emt 00:05:45]} Re4 {[%clk 00:21:13]}
{[%emt 00:09:59]} 42. Rd3+ {[%clk 00:24:29]} {[%emt 00:03:42]} Kc1 {[%clk
00:21:25]} {[%emt 00:00:19]} 43. Qa3+ {[%clk 00:24:32]} {[%emt 00:00:26]} Kb1
{[%clk 00:21:08]} {[%emt 00:00:47]} 44. Rb3+ {[%clk 00:24:26]} {[%emt
00:00:35]} Ka1 {[%clk 00:21:16]} {[%emt 00:00:24]} 45. Rc3 {[%clk 00:24:45]}
{[%emt 00:00:10]} Qb2 {[%clk 00:18:43]} {[%emt 00:03:04]} 46. Rc1+ {[%clk
00:25:01]} {[%emt 00:00:12]} Qxc1 {[%clk 00:18:42]} {[%emt 00:00:33]} 47. Qxc1+
{[%clk 00:25:26]} {[%emt 00:00:05]} Kxa2 {[%clk 00:19:07]} {[%emt 00:00:05]}
48. Qxc6 {[%clk 00:25:35]} {[%emt 00:00:21]} Rxd4 {[%clk 00:19:18]} {[%emt
00:00:19]} 49. Qc2+ {[%clk 00:25:50]} {[%emt 00:00:14]} 1-0